[Event "Florianopolis op 9th"]
[Site "Florianopolis"]
[Date "2023.01.23"]
[Round "1"]
[White "Dos Santos, Douglas Asterio"]
[Black "De Oliveira, Aquiles Machado"]
[Result "0-1"]
[WhiteElo "1392"]
[BlackElo "2013"]
[PlyCount "29"]
[EventDate "2023.01.23"]
[EventType "swiss"]
[EventRounds "10"]
[EventCountry "BRA"]
[SourceTitle "CBM 212 Extra"]
[Source "ChessBase"]
[SourceDate "2023.03.31"]
[SourceVersion "1"]
[SourceVersionDate "2023.03.31"]
[SourceQuality "1"]

1. d4 Nf6 2. Nf3 g6 3. Bf4 Bg7 4. e3 0-0 5. Be2 d6 6. h3 Nbd7 7. 0-0 Qe8 8. Nbd2 e5 9. Bg3 h6 10. Re1 e4 11. Nh2 h5 12. Rc1 Qe7 13. c4 c5 14. h4 Nh7 15. b3 0-1

[Event "Jatai Goias Rio Claro op"]
[Site "Jatai Goias"]
[Date "2022.07.15"]
[Round "1"]
[White "Matsunaga, Lange Cristina"]
[Black "De Oliveira, Aquiles Machado"]
[Result "0-1"]
[WhiteElo "1432"]
[BlackElo "2036"]
[PlyCount "22"]
[EventDate "2022.07.15"]
[EventType "swiss"]
[EventRounds "6"]
[EventCountry "BRA"]
[SourceTitle "CBM 209 Extra"]
[Source "ChessBase"]
[SourceDate "2022.09.30"]
[SourceVersion "1"]
[SourceVersionDate "2022.09.30"]
[SourceQuality "1"]

1. e4 c5 2. Nf3 Nc6 3. d4 cxd4 4. Nxd4 g6 5. Nc3 Bg7 6. Be3 Nf6 7. h3 0-0 8. Qd2 d5 9. exd5 Nb4 10. Bc4 Nbxd5 11. Nxd5 Nxd5 0-1

[Event "BRA-ch 87th"]
[Site "Cuiaba"]
[Date "2021.11.03"]
[Round "10"]
[White "Naief Moreira, Cleber"]
[Black "De Oliveira, Aquiles Machado"]
[Result "1/2-1/2"]
[WhiteElo "1852"]
[BlackElo "2059"]
[PlyCount "68"]
[EventDate "2021.10.28"]
[EventType "swiss"]
[EventRounds "11"]
[EventCountry "BRA"]
[SourceTitle "CBM 205 Extra"]
[Source "ChessBase"]
[SourceDate "2022.01.31"]
[SourceVersion "1"]
[SourceVersionDate "2022.01.31"]
[SourceQuality "1"]

1. e4 c5 2. c3 g6 3. d4 cxd4 4. cxd4 d5 5. exd5 Nf6 6. Bb5+ Nbd7 7. Nc3 a6 8. Bxd7+ Qxd7 9. Nf3 Nxd5 10. Ne5 Qe6 11. 0-0 Nxc3 12. bxc3 Bg7 13. Re1 0-0 14. Ba3 Re8 15. Qa4 b5 16. Qb3 Ra7 17. d5 Qf6 18. Nc6 Rc7 19. Re3 Rxc6 20. dxc6 Qxc6 21. Rxe7 Rxe7 22. Bxe7 Bb7 23. f3 Qxc3 24. Rd1 Bd4+ 25. Kh1 Kg7 26. Bb4 Qxb3 27. axb3 Be5 28. Bd6 Bc3 29. Bc5 a5 30. Bd4+ Bxd4 31. Rxd4 Bc6 32. Rd6 Be8 33. Kg1 h5 34. Kf2 a4 1/2-1/2

[Event "BRA-ch 87th"]
[Site "Cuiaba"]
[Date "2021.10.28"]
[Round "1"]
[White "De Oliveira, Aquiles Machado"]
[Black "Freitas, Mauricio Mathioli"]
[Result "1-0"]
[WhiteElo "2059"]
[BlackElo "1441"]
[PlyCount "83"]
[EventDate "2021.10.28"]
[EventType "swiss"]
[EventRounds "11"]
[EventCountry "BRA"]
[SourceTitle "CBM 205 Extra"]
[Source "ChessBase"]
[SourceDate "2022.01.31"]
[SourceVersion "1"]
[SourceVersionDate "2022.01.31"]
[SourceQuality "1"]

1. e4 e6 2. Nf3 d5 3. Nc3 dxe4 4. Nxe4 Nd7 5. d4 Ngf6 6. Nxf6+ Nxf6 7. Bd3 c5 8. 0-0 cxd4 9. Nxd4 Be7 10. Re1 0-0 11. c3 Qa5 12. Qf3 Qh5 13. Bf4 Qxf3 14. Nxf3 Rd8 15. Ne5 Nd5 16. Bg3 g6 17. Rad1 Bd7 18. Nxd7 Rxd7 19. Bc2 Rad8 20. Ba4 b5 21. Bxb5 Rb7 22. c4 Nb4 23. Rxd8+ Bxd8 24. Rd1 Bf6 25. a3 a6 26. Rd7 Rxd7 27. Bxd7 Nc2 28. c5 Nd4 29. Bb8 Kf8 30. Bc8 Nc6 31. Bd6+ Ke8 32. Bxa6 Bxb2 33. Bb5 Kd7 34. a4 Bc3 35. f4 f6 36. g4 e5 37. f5 gxf5 38. gxf5 e4 39. Kf2 Be5 40. Bxe5 fxe5 41. a5 Kc7 42. Bxc6 1-0

[Event "Goiania Barbosa Nunes Cup 1st"]
[Site "Goiania"]
[Date "2021.10.16"]
[Round "6"]
[White "Ribeiro, Vinicius Augusto"]
[Black "De Oliveira, Aquiles Machado"]
[Result "0-1"]
[WhiteElo "1670"]
[BlackElo "2059"]
[PlyCount "104"]
[EventDate "2021.10.15"]
[EventType "swiss"]
[EventRounds "6"]
[EventCountry "BRA"]
[SourceTitle "EXT 2023"]
[Source "ChessBase"]
[SourceDate "2022.10.05"]
[SourceVersion "1"]
[SourceVersionDate "2022.10.05"]
[SourceQuality "1"]

1. e4 c5 2. Nf3 Nc6 3. d4 cxd4 4. Nxd4 Nf6 5. Nc3 e5 6. Ndb5 d6 7. a4 a6 8. Na3 Be6 9. Bg5 Be7 10. Bxf6 Bxf6 11. Nc4 Nd4 12. Ne3 Rc8 13. Bd3 Bg5 14. Ned5 0-0 15. 0-0 f5 16. exf5 Nxf5 17. Be4 Rc4 18. Qe2 Rd4 19. Rad1 Kh8 20. g3 Rxd1 21. Qxd1 Nd4 22. Qd3 g6 23. f4 Bh6 24. Bxg6 Bxd5 25. Nxd5 hxg6 26. Qxg6 Bg7 27. f5 Qe8 28. Qg5 Kh7 29. Qh4+ Kg8 30. f6 Bh8 31. Ne7+ Kf7 32. Qh7+ Ke6 33. Qh3+ Kf7 34. Qh5+ Ke6 35. Qxe8 Rxe8 36. f7 Rf8 37. Ng6 Rxf7 38. Nxh8 Rxf1+ 39. Kxf1 Kf6 40. h4 Kg7 41. c3 Nf5 42. Kf2 Kxh8 43. h5 b5 44. g4 Ne7 45. axb5 axb5 46. b3 Nd5 47. c4 bxc4 48. bxc4 Nb6 49. c5 dxc5 50. Ke3 c4 51. Ke4 Kg7 52. g5 Nd7 0-1

[Event "Goiania op"]
[Site "Goiania"]
[Date "2021.08.29"]
[Round "4"]
[White "Ribeiro, Vinicius Augusto"]
[Black "De Oliveira, Aquiles Machado"]
[Result "0-1"]
[WhiteElo "1676"]
[BlackElo "2021"]
[PlyCount "114"]
[EventDate "2021.08.28"]
[EventType "swiss"]
[EventRounds "5"]
[EventCountry "BRA"]
[SourceTitle "CBM 204 Extra"]
[Source "ChessBase"]
[SourceDate "2021.11.30"]
[SourceVersion "1"]
[SourceVersionDate "2021.11.30"]
[SourceQuality "1"]

1. e4 c5 2. Nc3 Nc6 3. g3 g6 4. Bg2 Bg7 5. d3 e6 6. Nge2 Nge7 7. Be3 Nd4 8. 0-0 0-0 9. f4 d6 10. Kh1 Rb8 11. a4 a6 12. Qd2 b5 13. axb5 axb5 14. Bxd4 cxd4 15. Nd1 Qb6 16. c3 Nc6 17. Nxd4 Nxd4 18. cxd4 Bxd4 19. Nc3 b4 20. Ne2 Be3 21. Qd1 e5 22. f5 gxf5 23. Rxf5 Bxf5 24. exf5 f6 25. g4 Bg5 26. Ng3 Kh8 27. Qb3 Rbc8 28. Ne4 Rc1+ 29. Rxc1 Bxc1 30. Qe6 Qe3 31. Ng3 Qxd3 32. Qe7 Bh6 33. g5 Qb1+ 34. Bf1 fxg5 35. Qxd6 Bg7 36. Qxb4 Rxf5 37. Kg2 Qc2+ 38. Be2 Qc6+ 39. Qe4 Qxe4+ 40. Nxe4 h6 41. b4 Rf7 42. b5 Bf8 43. Bf3 Rb7 44. Nxg5 Rxb5 45. Ne4 Kg7 46. h4 Kg6 47. h5+ Kf5 48. Ng3+ Kf4 49. Ne2+ Ke3 50. Nc3 Rc5 51. Ne4 Rc4 52. Nf6 Kf4 53. Nd5+ Kg5 54. Ne3 Rh4 55. Kg3 Bc5 56. Ng4 e4 57. Be2 Bd6+ 0-1

[Event "Goiania op"]
[Site "Goiania"]
[Date "2021.08.28"]
[Round "2"]
[White "Nishimoto, Mateus"]
[Black "De Oliveira, Aquiles Machado"]
[Result "0-1"]
[WhiteElo "1791"]
[BlackElo "2021"]
[PlyCount "42"]
[EventDate "2021.08.28"]
[EventType "swiss"]
[EventRounds "5"]
[EventCountry "BRA"]
[SourceTitle "CBM 204 Extra"]
[Source "ChessBase"]
[SourceDate "2021.11.30"]
[SourceVersion "1"]
[SourceVersionDate "2021.11.30"]
[SourceQuality "1"]

1. d4 d6 2. c4 e5 3. e3 Nd7 4. Nc3 Ngf6 5. Bd3 g6 6. Nge2 Bg7 7. 0-0 0-0 8. Qc2 Re8 9. f4 Qe7 10. Ng3 exd4 11. Nce4 dxe3 12. Bxe3 Nxe4 13. Rfe1 Nxg3 14. Bf2 Qf8 15. Bxg3 Rxe1+ 16. Rxe1 Nc5 17. Be2 Bf5 18. Qd1 Bxb2 19. Bf3 Re8 20. Rf1 Bd3 21. Rf2 Bd4 0-1

[Event "Jatai Goias op"]
[Site "Jatai"]
[Date "2021.08.08"]
[Round "5"]
[White "Castro Silva, Alex"]
[Black "De Oliveira, Aquiles Machado"]
[Result "0-1"]
[WhiteElo "1973"]
[BlackElo "2021"]
[PlyCount "50"]
[EventDate "2021.08.06"]
[EventType "swiss"]
[EventRounds "6"]
[EventCountry "BRA"]
[SourceTitle "EXT 2022"]
[Source "ChessBase"]
[SourceDate "2021.10.06"]
[SourceVersion "1"]
[SourceVersionDate "2021.10.06"]
[SourceQuality "1"]

1. e4 c5 2. Nf3 Nc6 3. d4 cxd4 4. Nxd4 g6 5. Nc3 Bg7 6. Be3 Nf6 7. Be2 0-0 8. Qd2 d5 9. Nxc6 bxc6 10. e5 Ng4 11. Bxg4 Bxg4 12. Bh6 f6 13. Bxg7 Kxg7 14. exf6+ exf6 15. 0-0 Re8 16. Qf4 Bf5 17. Qa4 Qb6 18. g4 Be6 19. Ne2 Bf7 20. Ng3 Re5 21. c3 Rb8 22. b4 Rg5 23. h3 h5 24. gxh5 gxh5 25. h4 Rxg3+ 0-1

[Event "Jatai Goias op"]
[Site "Jatai"]
[Date "2021.08.06"]
[Round "1"]
[White "Da Cruz, Emerson"]
[Black "De Oliveira, Aquiles Machado"]
[Result "0-1"]
[WhiteElo "1589"]
[BlackElo "2021"]
[PlyCount "68"]
[EventDate "2021.08.06"]
[EventType "swiss"]
[EventRounds "6"]
[EventCountry "BRA"]
[SourceTitle "EXT 2022"]
[Source "ChessBase"]
[SourceDate "2021.10.06"]
[SourceVersion "1"]
[SourceVersionDate "2021.10.06"]
[SourceQuality "1"]

1. c4 e5 2. g3 Nf6 3. Bg2 d5 4. cxd5 Nxd5 5. Nc3 Nb6 6. Nf3 Nc6 7. 0-0 Be6 8. d3 Be7 9. a3 0-0 10. h4 h6 11. e4 Qd7 12. Qc2 Rad8 13. Rd1 Bg4 14. Be3 f5 15. Bxb6 axb6 16. Nd5 Bxf3 17. Qc4 Kh8 18. Bxf3 Nd4 19. Bg2 Bd6 20. Rf1 b5 21. Qa2 f4 22. Kh2 g5 23. b4 f3 24. Bh1 gxh4 25. Qd2 Kh7 26. Ra2 Qg4 27. Ne3 hxg3+ 28. fxg3 Qh5+ 29. Kg1 Ne2+ 30. Kf2 Qh2+ 31. Ke1 Qxg3+ 32. Kd1 Nd4 33. Qh2 Qg8 34. Qh3 Qxa2 0-1

[Event "Jatai Goiana zt"]
[Site "Jatai"]
[Date "2020.11.20"]
[Round "1"]
[White "De Oliveira, Aquiles Machado"]
[Black "Oliveira, Olavo Tadeu Carvalh"]
[Result "1-0"]
[WhiteElo "2024"]
[BlackElo "1303"]
[PlyCount "131"]
[EventDate "2020.11.20"]
[EventType "swiss"]
[EventRounds "5"]
[EventCountry "BRA"]
[SourceTitle "CBM 199 Extra"]
[Source "ChessBase"]
[SourceDate "2021.01.31"]
[SourceVersion "1"]
[SourceVersionDate "2021.01.31"]
[SourceQuality "1"]

1. Nc3 Nf6 2. d4 g6 3. e4 d6 4. g3 Bg7 5. Bg2 0-0 6. Nge2 Nbd7 7. h3 e5 8. Be3 Re8 9. 0-0 b6 10. g4 exd4 11. e5 dxe5 12. Bxa8 dxe3 13. fxe3 e4 14. Bc6 h6 15. Ng3 Ba6 16. Rf4 Bc8 17. Qf1 Qe7 18. Ngxe4 Nxe4 19. Rxe4 Qd8 20. Rxe8+ Qxe8 21. Qd3 Qe6 22. Bd5 Qe7 23. Rf1 Ne5 24. Qe4 Be6 25. Kg2 Kf8 26. Bb3 Kg8 27. Rd1 Bxb3 28. axb3 a5 29. Nd5 Qd6 30. Nc3 Qe7 31. Qa8+ Kh7 32. Qd8 Bf6 33. Qxe7 Bxe7 34. Nd5 Bd6 35. Nxb6 Bc5 36. Nc4 Nxc4 37. bxc4 Bxe3 38. Rd7 Kg7 39. Rxc7 Bc1 40. b3 Bd2 41. Kf3 Kf6 42. Ke4 Ke6 43. Rc6+ Kd7 44. Rc5 Bb4 45. Rb5 Kc6 46. Kd3 f6 47. c3 Bc5 48. Rxa5 Bb6 49. Ra1 Kc5 50. b4+ Kc6 51. c5 Bc7 52. Ra6+ Kd7 53. Rxf6 g5 54. Rf7+ Kc6 55. Rxc7+ Kxc7 56. b5 Kb7 57. c6+ Kb6 58. c4 Kc7 59. c5 Kc8 60. b6 Kd8 61. c7+ Kc8 62. c6 h5 63. Kd4 hxg4 64. Kd5 gxh3 65. Kd6 h2 66. b7# 1-0

[Event "Goiania FEXEG Cup"]
[Site "Goiania"]
[Date "2020.02.15"]
[Round "2"]
[White "De Oliveira, Aquiles Machado"]
[Black "Quirino, Rafael David"]
[Result "1/2-1/2"]
[WhiteElo "2035"]
[BlackElo "1452"]
[PlyCount "89"]
[EventDate "2020.02.14"]
[EventType "swiss"]
[EventRounds "5"]
[EventCountry "BRA"]
[SourceTitle "CBM 195 Extra"]
[Source "ChessBase"]
[SourceDate "2020.05.31"]
[SourceVersion "1"]
[SourceVersionDate "2020.05.31"]
[SourceQuality "1"]

1. d4 Nf6 2. e3 b6 3. Bd3 Bb7 4. Nf3 g6 5. Qe2 Bg7 6. e4 d6 7. 0-0 0-0 8. Rd1 Qc8 9. Nbd2 Nh5 10. Nc4 Nd7 11. g4 Nhf6 12. h3 Re8 13. e5 dxe5 14. dxe5 Nd5 15. e6 N7f6 16. Ng5 fxe6 17. c3 e5 18. Nxe5 e6 19. Bb5 Re7 20. c4 c6 21. cxd5 exd5 22. Bd3 Nxg4 23. Qxg4 Rxe5 24. Bf4 Qxg4+ 25. hxg4 Ree8 26. Rab1 Be5 27. Bxe5 Rxe5 28. f4 Re3 29. Kf2 Rae8 30. Nf3 R3e7 31. Re1 Rxe1 32. Rxe1 Rxe1 33. Kxe1 c5 34. g5 d4 35. Ne5 Bd5 36. Bc4 Bxc4 37. Nxc4 Kf7 38. Ke2 Ke6 39. Kf3 Kd5 40. Nd2 c4 41. Ne4 b5 42. Nf6+ Ke6 43. Ne4 Kd5 44. Nf6+ Ke6 45. Ke4 1/2-1/2

[Event "Brasilia Terraviva op"]
[Site "Brasilia"]
[Date "2019.01.13"]
[Round "6"]
[White "Rangel, Daniel"]
[Black "De Oliveira, Aquiles Machado"]
[Result "1-0"]
[WhiteElo "2322"]
[BlackElo "2021"]
[PlyCount "95"]
[EventDate "2019.01.10"]
[EventType "swiss"]
[EventRounds "7"]
[EventCountry "BRA"]
[SourceTitle "CBM 188 Extra"]
[Source "ChessBase"]
[SourceDate "2019.02.26"]
[SourceVersion "1"]
[SourceVersionDate "2019.02.26"]
[SourceQuality "1"]

1. Nf3 Nf6 2. g3 c5 3. c4 g6 4. Bg2 Bg7 5. 0-0 0-0 6. d4 cxd4 7. Nxd4 Nc6 8. Nc3 Qb6 9. Nc2 d6 10. b3 Qa5 11. Bd2 Qh5 12. e4 Bg4 13. f3 Bh3 14. Be3 Nd7 15. Qd2 Bxg2 16. Kxg2 Qa5 17. Nd4 Nxd4 18. Bxd4 Bxd4 19. Qxd4 Qe5 20. Rad1 Qxd4 21. Rxd4 Rfc8 22. Rfd1 Nc5 23. f4 a5 24. Nd5 e5 25. Ne7+ Kf8 26. Nxc8 exd4 27. Nxd6 d3 28. Kf3 Rd8 29. e5 Ke7 30. Ke3 h5 31. Ne4 Nxe4 32. Kxe4 d2 33. Ke3 a4 34. Rxd2 Rc8 35. Rd5 axb3 36. axb3 Rc6 37. Rd6 Rc7 38. Kd4 Rc8 39. c5 Ra8 40. Rb6 Ra7 41. h3 Kd7 42. g4 hxg4 43. hxg4 Ke7 44. f5 gxf5 45. gxf5 Kd7 46. Kd5 Ke7 47. b4 Kd7 48. Rxb7+ 1-0

[Event "Cuiaba Contaud op"]
[Site "Cuiaba"]
[Date "2014.05.03"]
[Round "5"]
[White "De Oliveira, Aquiles Machado"]
[Black "Santiago, Yago de Moura"]
[Result "0-1"]
[WhiteElo "2025"]
[BlackElo "2470"]
[PlyCount "76"]
[EventDate "2014.05.01"]
[EventType "swiss"]
[EventRounds "6"]
[EventCountry "BRA"]
[SourceTitle "CBM 160 Extra"]
[Source "ChessBase"]
[SourceDate "2014.07.01"]
[SourceVersion "1"]
[SourceVersionDate "2014.07.01"]
[SourceQuality "1"]

1. e4 e6 2. d3 d5 3. Nd2 Nf6 4. Ngf3 c5 5. g3 g6 6. Bg2 Bg7 7. 0-0 0-0 8. Re1 Nc6 9. c3 a5 10. a4 b6 11. Qc2 Ba6 12. Bf1 Rc8 13. Be2 Qe7 14. Nf1 h6 15. h4 Rfd8 16. Bd2 e5 17. Rad1 d4 18. c4 Rc7 19. N1h2 Bc8 20. Bf1 Rf8 21. Bg2 Ng4 22. Bc1 Qd6 23. Re2 h5 24. Bd2 f5 25. Ng5 f4 26. Nhf3 Nb4 27. Qb1 Re7 28. Rde1 Nc6 29. Rf1 Bh6 30. Rfe1 Nd8 31. Qc1 Ne6 32. Nxe6 Bxe6 33. b3 Ref7 34. Kh1 Qe7 35. Kg1 g5 36. Kh1 gxh4 37. gxh4 Rg7 38. Qd1 Kh8 0-1

[Event "Goiania-ch Phase 01"]
[Site "Goiania"]
[Date "2014.03.09"]
[Round "5"]
[White "Bocca, Edson Ricardo"]
[Black "De Oliveira, Aquiles Machado"]
[Result "0-1"]
[WhiteElo "1580"]
[BlackElo "2056"]
[PlyCount "140"]
[EventDate "2014.03.07"]
[EventType "swiss"]
[EventRounds "6"]
[EventCountry "BRA"]
[SourceTitle "CBM 159 Extra"]
[Source "ChessBase"]
[SourceDate "2014.04.24"]
[SourceVersion "1"]
[SourceVersionDate "2014.04.24"]
[SourceQuality "1"]

1. e4 Nf6 2. Nc3 e5 3. Bc4 Bb4 4. Nd5 Bc5 5. Nxf6+ Qxf6 6. Qf3 d6 7. Qxf6 gxf6 8. d3 Rg8 9. g3 Nc6 10. Bb5 f5 11. Bxc6+ bxc6 12. exf5 Bxf5 13. Be3 Bb4+ 14. Bd2 a5 15. Bxb4 axb4 16. Nf3 Bh3 17. Nh4 Kd7 18. Kd2 Ra4 19. a3 Rga8 20. Rhe1 f6 21. Nf3 d5 22. Ng1 Bf5 23. Nf3 Bg4 24. Ng1 c5 25. f3 Bf5 26. Ne2 c6 27. g4 Bg6 28. h4 bxa3 29. b3 R4a7 30. Nc3 Kd6 31. Ra2 Bf7 32. Rea1 d4 33. Ne4+ Ke7 34. Nxc5 Bd5 35. Ne4 Ra5 36. Ke2 Bxe4 37. fxe4 Ke6 38. Kf3 h6 39. h5 Rc5 40. Ke2 Rg8 41. Rg1 Ra5 42. Kf3 Ra7 43. Rg2 Kd6 44. Rg1 Kc5 45. Rg2 Kb4 46. Rf2 Rgg7 47. Rg2 Rg5 48. Ra1 Ra8 49. Ra2 Kc3 50. Rg1 Kd2 51. Rg2+ Kc3 52. Rg1 Kb4 53. Rg2 Rf8 54. Rg1 f5 55. exf5 Rfxf5+ 56. Kg3 Rxg4+ 57. Kxg4 Rg5+ 58. Kf3 Rxg1 59. Ke4 Rg5 60. Ra1 Rxh5 61. Kf3 Rg5 62. Ke4 h5 63. Kf3 h4 64. Rh1 a2 65. Kf2 Kc3 66. Kf3 Kb2 67. c4 a1Q 68. Rh2+ Kc3 69. Rxh4 Qf1+ 70. Ke4 Qf5# 0-1

[Event "Goiania Regional Center East"]
[Site "Goiania"]
[Date "2013.09.20"]
[Round "2"]
[White "De Oliveira, Aquiles Machado"]
[Black "Nascimento, Davi da Silva"]
[Result "1-0"]
[WhiteElo "2048"]
[BlackElo "2132"]
[PlyCount "107"]
[EventDate "2013.09.20"]
[EventType "swiss"]
[EventRounds "6"]
[EventCountry "BRA"]
[SourceTitle "EXT 2016"]
[Source "ChessBase"]
[SourceDate "2015.10.08"]
[SourceVersion "1"]
[SourceVersionDate "2015.10.08"]
[SourceQuality "1"]

1. e4 e6 2. d3 c5 3. Nf3 Nc6 4. Nbd2 g6 5. g3 Bg7 6. Bg2 Nge7 7. 0-0 0-0 8. c3 d5 9. Re1 d4 10. c4 e5 11. h3 f6 12. Nh2 Be6 13. Nb3 b6 14. f4 Qd7 15. g4 exf4 16. Bxf4 Ne5 17. Nf1 N7c6 18. Ng3 a5 19. a4 Nb4 20. Nc1 Rae8 21. b3 Nbc6 22. Ra2 h5 23. gxh5 Bxh3 24. Bxh3 Qxh3 25. hxg6 Nxg6 26. Rh2 Qe6 27. Nf5 Nxf4 28. Qg4 Rf7 29. Qxf4 Ne5 30. Qg3 Qxf5 31. exf5 Nf3+ 32. Qxf3 Rxe1+ 33. Kf2 Rxc1 34. Qa8+ Bf8 35. Rg2+ Rg7 36. Qd5+ Kh8 37. Rh2+ Rh7 38. Rxh7+ Kxh7 39. Qb7+ Kg8 40. Qxb6 Rc2+ 41. Ke1 Rc1+ 42. Ke2 Kf7 43. Qxa5 Rc2+ 44. Kd1 Rc3 45. Qc7+ Ke8 46. Qb8+ Kf7 47. Ke2 Rc2+ 48. Kf3 Rd2 49. Qb7+ Be7 50. Qe4 Rb2 51. a5 Rxb3 52. a6 Ra3 53. Qb7 Rxd3+ 54. Kg4 1-0

[Event "Goiania Regional Center East"]
[Site "Goiania"]
[Date "2013.09.20"]
[Round "1"]
[White "Santos, Luciano da Silva"]
[Black "De Oliveira, Aquiles Machado"]
[Result "1/2-1/2"]
[WhiteElo "1881"]
[BlackElo "2048"]
[PlyCount "90"]
[EventDate "2013.09.20"]
[EventType "swiss"]
[EventRounds "6"]
[EventCountry "BRA"]
[SourceTitle "EXT 2016"]
[Source "ChessBase"]
[SourceDate "2015.10.08"]
[SourceVersion "1"]
[SourceVersionDate "2015.10.08"]
[SourceQuality "1"]

1. e4 c5 2. Nc3 Nc6 3. g3 g6 4. Bg2 Bg7 5. d3 e6 6. f4 Nge7 7. Nf3 d6 8. 0-0 0-0 9. Qe2 Rb8 10. Be3 b5 11. Nd1 b4 12. c3 bxc3 13. bxc3 Qa5 14. Qc2 Ba6 15. Rc1 Qa3 16. Rf2 Rfc8 17. Qd2 d5 18. e5 Nf5 19. g4 Nxe3 20. Nxe3 Bxd3 21. f5 Nxe5 22. Nxe5 Bxe5 23. f6 c4 24. g5 Bd6 25. Rf3 Be4 26. Rh3 Bxg2 27. Kxg2 Bf4 28. Rc2 Bxg5 29. Qf2 Bxe3 30. Qxe3 Rb2 31. Rxb2 Qxb2+ 32. Kg3 Qc2 33. Qh6 Qxc3+ 34. Kg2 Qb2+ 35. Kg3 Qe5+ 36. Kg2 Qe2+ 37. Kg3 Qe1+ 38. Kg2 Qe2+ 39. Kg3 Qd3+ 40. Kg2 Qc2+ 41. Kg3 Qd3+ 42. Kg2 Qc2+ 43. Kg3 Qd3+ 44. Kg2 Qc2+ 45. Kg3 Qd3+ 1/2-1/2

[Event "Sao Paulo Braga Memorial 2nd"]
[Site "Sao Paulo"]
[Date "2013.07.08"]
[Round "4"]
[White "Vieira, Alexandre Letizio"]
[Black "De Oliveira, Aquiles Machado"]
[Result "0-1"]
[WhiteElo "1650"]
[BlackElo "2048"]
[PlyCount "30"]
[EventDate "2013.07.05"]
[EventType "swiss"]
[EventRounds "9"]
[EventCountry "BRA"]
[SourceTitle "CBM 155 Extra"]
[Source "ChessBase"]
[SourceDate "2013.08.26"]
[SourceVersion "1"]
[SourceVersionDate "2013.08.26"]
[SourceQuality "1"]

1. e4 c5 2. Nf3 d6 3. Bb5+ Bd7 4. Bxd7+ Qxd7 5. c4 Qg4 6. Nc3 Qxg2 7. Rg1 Qh3 8. Rg3 Qd7 9. d4 cxd4 10. Nxd4 g6 11. Be3 Bg7 12. Nde2 Nc6 13. Qd2 Nf6 14. b3 Nxe4 15. Rg1 Nxd2 0-1

[Event "Goiania op"]
[Site "Goiania"]
[Date "2013.03.09"]
[Round "4"]
[White "De Oliveira, Aquiles Machado"]
[Black "Santos, Luciano da Silva"]
[Result "1-0"]
[WhiteElo "2057"]
[BlackElo "1914"]
[PlyCount "153"]
[EventDate "2013.03.08"]
[EventType "swiss"]
[EventRounds "6"]
[EventCountry "BRA"]
[SourceTitle "EXT 2015"]
[Source "ChessBase"]
[SourceDate "2014.11.20"]
[SourceVersion "1"]
[SourceVersionDate "2014.11.20"]
[SourceQuality "1"]

1. e4 e6 2. d3 d5 3. Nd2 c5 4. Ngf3 Nc6 5. g3 g6 6. Bg2 Bg7 7. 0-0 Nge7 8. Re1 0-0 9. c3 b6 10. Qc2 Bb7 11. Nf1 Rc8 12. Bg5 h6 13. Bd2 Qd7 14. Rad1 Rfd8 15. Bc1 d4 16. c4 Nb4 17. Qb1 Bc6 18. a3 Na6 19. b4 Ba8 20. b5 Nc7 21. h4 e5 22. Kh2 Ne6 23. Bh3 Kh7 24. Qa2 Qd6 25. Qe2 Rf8 26. h5 g5 27. Kg1 Rc7 28. N1h2 f6 29. a4 Rcc8 30. Bg4 Rf7 31. Qf1 Rcf8 32. Qh3 f5 33. exf5 Nxf5 34. Rd2 Bxf3 35. Nxf3 Ne7 36. Nxe5 Bxe5 37. Bxe6 Rf6 38. Bg4 Qc7 39. Qg2 Kg7 40. Rde2 Bd6 41. Bd2 R8f7 42. a5 Rf8 43. axb6 axb6 44. Ra1 Nf5 45. Be1 R8f7 46. Rea2 Qe7 47. Re2 Qc7 48. Ra8 Re7 49. Qd5 Ref7 50. Ree8 Ne7 51. Qe4 Rf8 52. Rxf8 Rxf8 53. Rxf8 Kxf8 54. Be6 Kg7 55. Kg2 Be5 56. Bd2 Qd6 57. Bg4 Qf6 58. Qb7 Qd6 59. f4 gxf4 60. gxf4 Bf6 61. Qe4 Qb8 62. Be6 Qe8 63. Qf3 Kh7 64. Qe4+ Kg7 65. Bg4 Qd8 66. Kf3 Qb8 67. Qe6 Qa8+ 68. Qe4 Qd8 69. Ke2 Qb8 70. Qe6 Qa8 71. Bf3 Qd8 72. Be4 Qb8 73. Qg4+ Kh8 74. Qe6 Kg7 75. Kf3 Qd8 76. f5 Ng8 77. Bd5 1-0